Stacje i przystanki kolejowe w Olsztynie - Statystyki

Ogólne statystyki
  • Ten quiz został rozwiązany 51 razy
  • Średni wynik to 6 z 8
Statystyki odpowiedzi
Hint Odpowiedź % Poprawnych
Stacja Olsztyn Główny
100%
Stacja Olsztyn Zachodni
93%
Przystanek Olsztyn Śródmieście
85%
Przystanek Olsztyn Dajtki
78%
Stacja Olsztyn Gutkowo
74%
Przystanek Olsztyn Likusy
59%
Przystanek Olsztyn Redykajny
54%
Przystanek Olsztyn Jezioro Ukiel
48%
Nie znaleziono quizów pasujących do podanych kryteriów
Rozkład punktacji
Procent ludzi z każdym wynikiem
Percentyl według liczby udzielonych odpowiedzi
Twoja historia wyników
Nie rozwiązałeś tego quizu